LEADER 01311nam a2200313 a 4500 001 000000130555 003 CaOOAMICUS 005 20121001122728.0 008 121001s1995 it u000 u ita r 020 $a88-245-0510-4 040 $aPUL$bita 100 1 $aArendt, Hannah,$d1906-1975.$0(OLS)http://pul/name/14845 245 10$aChe cos'è la politica? /$cHannah Arendt ; a cura di Ursula Ludz ; prefazione di Kurt Sontheimer. 260 $aMilano :$bEdizioni di Comunità,$c1995. 300 $aXIV, 190 p. ;$c23 cm 490 1 $aIl mondo nuovo 504 $aBibliografia in nota. 650 4$aPolitica$ySec. XX.$0(OLS)http://pul/subject/23018 700 1 $aLudz, Ursula.$0(OLS)http://pul/name/39516 700 1 $aSontheimer, Kurt.$0(OLS)http://pul/name/83677 830 3$aIl Mondo nuovo.$0(OLS)http://pul/title/67606 850 $aPUL 852 $aPUL$W1$xDP1 Fondo E. Rossi$y115$m1 A 43$j41539$aCollocazione ms. sul dorso di E. Rossi: A 46 1$qFondi$B149679$CPULBib$Z2$F149679 $82 941 1 $a1 961 $aCollocazione ms. sul dorso di E. Rossi: A 46 1. 996 $6020$a88-245-0510-4$9(OLS)http://pul/number/150631 996 $6245$aChe cos'è la politica?$9(OLS)http://pul/title/165002 996 $6260$aMilano :$bEdizioni di Comunità$9(OLS)http://pul/publisher/48252 LEADER 01490nam a2200313 a 4500 001 000000120405 003 CaOOAMICUS 005 20100301130630.0 008 100301t2010 it u000 u ita r 020 $a978-88-17-03830-0 040 $aPUL$bita$dReb 100 1 $aOder, Slawomir.$0(OLS)http://pul/name/75315 245 10$aPerché è Santo /$cSlawomir Oder con Saverio Gaeta. 246 33$aPerché è Santo :$bil vero Giovanni Paolo II raccontato dal postulatore della causa di beatificazione 260 $aMilano :$bRizzoli,$c©2010. 300 $a192 p. ;$c23 cm. 600 04$aIohannes Paulus PP.$bII,$cs.,$d1920-2005.$0(OLS)http://pul/subject/1393 700 1 $aGaeta, Saverio,$d1958-$0(OLS)http://pul/name/34157 850 $aPUL 852 $aPUL$W1$xSL Religione 3$y85$m282. 092 ODESL 1$j138037$qDDC 21$B137223$CPULBib$Z2$F137223 $H112932 $82 941 1 $a9 960 $aPapi (1978-2005 : Iohannes Paulus PP. II)$91393 960 $aPapi (1978-2005 : Iohannes Paulus PP. II)$91393 960 $aWojtyla, Karol,$d1920-2005$91393 960 $aGiovanni Paolo$bII,$cpapa, b.,$d1920-2005$91393 996 $6020$a978-88-17-03830-0$9(OLS)http://pul/number/143452 996 $6245$aPerché è Santo$9(OLS)http://pul/title/151434 996 $6246$aPerché è Santo :$bil vero Giovanni Paolo II raccontato dal postulatore della causa di beatificazione$9(OLS)http://pul/title/151438 996 $6260$aMilano :$bRizzoli$9(OLS)http://pul/publisher/48712